Statistiken für Alle Psycho-Pokemon (Gen 1)

Klicken Sie hier um das Quiz zu spielen!

Allgemein

  • Dieses Quiz wurde 127 mal gespielt
  • Das Durchschnittsergebnis liegt bei 11 aus 14

Antwortstatistiken

HintAntwort% Korrekt
#063Abra
98%
#064Kadabra
97%
#065Simsala
97%
#151Mew
96%
#150Mewtu
89%
#097Hypno
83%
#096Traumato
83%
#122Pantimos
76%
#124Rossana
74%
#079Flegmon
58%
#080Lahmus
57%
#102Owei
54%
#103Kokowei
53%
#121Starmie
43%

Verteilung der Resultate

Perzentil nach korrekt beantworteten Fragen

Anzahl Personen mit jedem Resultat

Ihre Resultats-Entwicklung

Sie haben dieses Quiz noch nicht gespielt